| 000 | 01102nas a2200301 i 4500 | ||
|---|---|---|---|
| 001 | 1245 | ||
| 003 | ES-MaACL | ||
| 005 | 20250721062534.0 | ||
| 007 | t| | ||
| 008 | 950801d19852001sp q| | 1 ||pa d | ||
| 022 | _a1130-023X | ||
| 080 | _a(460) | ||
| 080 | _a33 | ||
| 245 | 0 | 0 |
_aInforme de coyuntura económica / _cMinisterio de Economía y Hacienda, D.G. de Previsión y Coyuntura. |
| 260 |
_aMadrid : _bMinisterio de Economía y Hacienda, _c1985-2001. |
||
| 300 |
_a11 v. ; _c27 cm. |
||
| 310 | _aTrimestral | ||
| 362 | 0 | _a1985-2001. | |
| 580 | _aEn 2002 desaparece este título, pero su información se incorpora trimestralmente a la publicación: Síntesis de indicadores económicos. | ||
| 650 | 1 | 7 |
_aEconomía _2embne _912006 |
| 655 | 7 |
_2tgfbne _9226866 _aRevistas |
|
| 710 | 1 |
_aEspaña. _bDirección General de Previsión y Coyuntura. _93770 |
|
| 852 |
_aES-MaACL _jHem-1884 _zExpurgado marzo 2025; posterior a 1958; sin encuadernar; casi completo en BNE |
||
| 866 | 0 | _o(1989)1990-2001 | |
| 942 |
_2udc _cPERIODICA |
||
| 999 |
_c1245 _d1245 |
||